| 000 | 00759nam a22001937a 4500 | ||
|---|---|---|---|
| 999 |
_c371631 _d371631 |
||
| 008 | 201127b ||||| |||| 00| 0 eng d | ||
| 040 |
_aDE-2950 _bger _cDE-2950 _erda |
||
| 041 | _ager | ||
| 245 |
_aGeklaute Stolpersteine im Lennépark ersetzt. _bGedenken: Künstler Gunter Demnig kam persönlich, um die Steine in Erinnerung an Opfer von NS-Verbrechen neu zu verlegen / _cJacqueline Westermann |
||
| 264 | _c2022 | ||
| 653 | _aFrankfurt (Oder) | ||
| 653 | _aHolocaust / Gedenken | ||
| 653 | _aStolpersteine | ||
| 773 |
_dFrankfurt (Oder) Märkisches Verlags- und Druckhaus GmbH & Co KG _tMärkische Oderzeitung _g33. Jahrgang (2022) Nr. 117 vom 20.05.2022, S. 15 |
||
| 942 | _cA | ||